00331pab a2200133 454500008004000000100002100040245005700061260000900118300001300127362000800140650001600148700001700164773001600181180718b2007 xxu||||| |||| 00| 0 eng d aMurugan, C. Siva aOrganic farming: its relevance to the Indian context c2007 ap.16-18. aFeb aAgriculture aAnbumani, V. aKurukshetra